| 000 | 00340cam a2200145ua 4500 | ||
|---|---|---|---|
| 020 | _a8120000269 | ||
| 082 |
_a621.2 _bJAG/HY |
||
| 100 |
_aJagdish, Lal. _91655 |
||
| 245 | _aHydraulic Machines / | ||
| 250 | _a1 / 6 | ||
| 260 |
_a : _bMetropolitan Book Co Pvt Ltd , _c1978. |
||
| 300 | _a664 ; . | ||
| 650 |
_aFluidics _91657 |
||
| 942 | _cBK | ||
| 999 |
_c1395 _d1395 |
||